00221nam a22000977a 4500082001200000100002000012245003300032260003500065300000800100650001500108 a150 STR aStrachey, James aThe Interpretation of Dreams aNew YarkbHarper collinsc1965 a736 apsychology